Bimbingan lengkap Fardhu Ain

Bibliographic Details
Main Author: Abu Humaira
Format: Book
Published: Kuala Lumpur : Darul Nu'man , 1993
Subjects:

MARC

LEADER 00000cam a2200000 7i4500
001 0000003300
005 19991203.0
020 |a 9839017489 
040 |a INS 
090 0 0 |a 297.5   |b ABU 
100 0 |a Abu Humaira 
245 1 0 |a Bimbingan lengkap Fardhu Ain   |c Abu Humaira 
260 |a Kuala Lumpur :   |b Darul Nu'man ,   |c 1993 
300 |a 229 ms. ;   |c 21 cm. 
650 0 0 |a Islam 
650 0 0 |a Islamic religious practice 
650 0 0 |a Pillars of Islam 
999 |a 0000005446   |b BOOK   |c Open Shelf   |e Default branch